00694 2200265 4500001002100000005001700021008004100038020002200079035002400101040001200125082000800137090001500145100002100160245007100181250001000252260003100262300002600293500002900319500001100348650001200359850001200371990001500383990001500398990001500413YOGYA-0209000007330920090227093721.0 ind  a978-979-25-4801-7 0010-020900000073309 aYOPDYOG a124 a124bEdd S aEDDY KRISTIYANTO aSakramen politikbmempertanggungjawabkan memoriacEddy Kristiyanto aCet.1 aYogyakartabLamalerac2008 aXLVIII,309 hlmc19 cm aBibliografi: hlm.277-296 aIndeks aTeologi aYOPDYOG a08P0002192 a08P0002193 a08P0002194